Beardsley's illustration for Le morte Darthur
Saved in:
| Hovedforfatter: | |
|---|---|
| Format: | Bog |
| Sprog: | engelsk |
| Udgivet: |
Nueva York
Dover
1972
|
| Serier: | Dover Pictorial Archive Series
|
| Fag: | |
| Tags: |
Tilføj Tag
Ingen Tags, Vær først til at tagge denne postø!
|
MARC
| LEADER | 00000nam a2200000 a 4500 | ||
|---|---|---|---|
| 001 | UCT3602 | ||
| 003 | CL-VaPUC | ||
| 008 | 961024e19720000US |||||||||||||||||eng|d | ||
| 082 | 0 | 4 | |a 741.092 |b GIL |2 21 |
| 100 | |a Gillon, Edmund V |e author |9 449152 | ||
| 245 | 1 | 0 | |a Beardsley's illustration for Le morte Darthur |
| 300 | |a 171 p | ||
| 942 | |c BK | ||
| 945 | |d 19961024 00:00:00 |a rleighto | ||
| 260 | |a Nueva York |b Dover |c 1972 | ||
| 600 | 0 | 7 | |a BEARDSLEY, AUBREY |2 CL-VaPUC |9 265480 |
| 650 | 0 | |a Dibujos |9 264123 | |
| 650 | 0 | |a Artistas |9 262026 | |
| 583 | |a last modification |c 19961024 00:00:00 |k Rodrigo Vera | ||
| 490 | 0 | |a Dover Pictorial Archive Series | |
| 999 | |c 253181 |d 253179 | ||
| 952 | |0 0 |1 0 |4 0 |6 741_092000000000000_GIL_1972 |7 0 |8 P |9 273829 |a BIBARQ |b BIBARQ |d 2019-11-19 |i 3244253 |o 741.092 GIL 1972 |p 3244253 |r 2025-01-20 |w 2019-11-19 |y BK |k ARQ | ||